00526cam a2200205ua 45000010005000000080039000050200018000440200015000620400009000770410008000860820011000942450051001052500014001562600048001703000010002186530019002286530018002476530029002657000026002949346191012n ii |||gr||||Z||||||eng a9780195671971 a019567197X cMAIN aeng a821.54 aModern Indian poetry in Englishcby Bruce King a12th imp. aNew Delhi:bOxford University Press,c2014. a416p. aEnglish poetry aIndian poetry aIndian poetry in English aKing, Bruce,eAuthor.